00638nam a22001937a 450000500170000001000150001702000180003203500140005003700130006408200200007710000270009724500610012426000270018527000430021230000200025594200280027599900190030395201220032220230912102424.0 aENG-137832 c9788177421033 aEN-121364 bDBAD/PUB a704.94894309581 aSharma, Nirmala956260 aBamiyan, Hariti and Kindred iconics /bBy Nirmala Sharma bAditya prakashanc2011 bNew Delhi - 110002a2/18, Ansari Road  a286.c28CM(pbk) 2ddccENh910.95477kSHA c197225d197225 001040718REFaLbLd2023-08-18eDBAB/PUBg1800.00l0o910.95477SHApEN-121364r2023-08-18 00:00:00t1v1800.00yEN